| 000 | 00636cam a22002531 4500 | ||
|---|---|---|---|
| 001 | 3155891 | ||
| 003 | OSt | ||
| 005 | 20170105101210.0 | ||
| 008 | 730327s1959 njua 000 0 eng | ||
| 010 | _a 59006882 | ||
| 015 | _aGB59-7285 | ||
| 035 | _a(OCoLC)ocm00752125 | ||
| 040 |
_aDLC _cDLC _dUKM _dOCLCQ _dZCU |
||
| 050 | 0 |
_aLB1028 _b.B4 |
|
| 082 | _a370.78 | ||
| 099 |
_a370 _aB46 |
||
| 100 | 1 | _aBest, John W. | |
| 245 | 1 | 0 | _aResearch in education. |
| 260 |
_aEnglewood Cliffs, N.J., _bPrentice-Hall, _c1959. |
||
| 300 |
_a320 p. _billus. _c22 cm. |
||
| 650 | 0 |
_aEducation _xResearch. |
|
| 942 |
_2ddc _cBK |
||
| 999 |
_c3177 _d3177 |
||